LEADER 01006nam0 2200277 450 001 000025163 005 20190306134934.0 100 $a20090331d1963----km-y0itay50------ba 101 0 $afre 102 $aFR 105 $ay-------001yy 200 1 $a<>connaissement et la lettre de voiture maritime$fpar J. A. M. Ligonie$gpreface de M. De Juglart 210 $aParis$cPichon et Durand-Auzias$d1963 215 $a237 p.$d25 cm 225 2 $aBibliotheque de droit maritime, fluvial, aerien et spatial 410 0$12001$aBibliotheque de droit maritime, fluvial, aerien et spatial 500 10$a<>connaissement et la lettre de voiture maritime$944394 610 1 $aPolizze di carico 676 $a343.0962$v22 700 1$aLigonie,$bJ.A.M.$0404636 702 1$aDe Juglart,$bMichel 801 0$aIT$bUNIPARTHENOPE$c20090331$gRICA$2UNIMARC 912 $a000025163 951 $aDEP II 0189$b15501$cNAVA4$d2009 996 $aConnaissement et la lettre de voiture maritime$944394 997 $aUNIPARTHENOPE